| 000 | 01005nas a2200325 4500 | ||
|---|---|---|---|
| 001 | BR2016003651 | ||
| 003 | BR-BrBNA | ||
| 005 | 20231205130551.0 | ||
| 007 | ta | ||
| 008 | 230509b bl.|||p| |||| 00| 00por d | ||
| 040 |
_aBR-BrBNA _bpor _cBiblioteca Nacional de Agricultura |
||
| 041 | _a(Pt) | ||
| 072 | _aF04 | ||
| 100 | 1 | _aFernandes, A.M. | |
| 100 | 1 | _aSoratto, R.P. | |
| 100 | 1 | _aEvangelista, R.M. | |
| 100 | 1 | _aJob, A.L.G. | |
| 245 | 1 | _aInfluência do fósforo na qualidade e produtividade de tubérculos de cultivares de batata de duplo propósito | |
| 650 | _aBATATA | ||
| 650 | _aTUBÉRCULO | ||
| 650 | _aVARIEDADE | ||
| 650 | _aFÓSFORO | ||
| 650 | _aFERTILIZANTE FOSFATADO | ||
| 650 | _aQUALIDADE | ||
| 650 | _aCARACTERÍSTICAS AGRONÔMICAS | ||
| 650 | _aDISPONIBILIDADE DE NUTRIENTE | ||
| 773 | 0 |
_tHorticultura Brasileira (Brazil) _xISSN 0102-0536 _g(Jul-Sep 2016), v. 34(3) p. 346-355 _wBR2016003651 |
|
| 909 |
_a202311 _bLúcia _c55 _dLúcia Elande |
||
| 942 |
_2AGRIS _n0 _cANA |
||
| 999 |
_c250143 _d250143 |
||